| 000 | 00796nam a2200253 a 4500 | ||
|---|---|---|---|
| 001 | 000000565 | ||
| 005 | 20240530073910.0 | ||
| 008 | 081218s2007 dr 000 f spa d | ||
| 020 | _a9789945161038 | ||
| 020 | _a9945161032 | ||
| 040 |
_aDO-SdBNP _bspa _cBNPHU |
||
| 082 |
_aRD863.44 _bM516u, 2007 |
||
| 100 | 1 |
_aMejía, William, _d1950- _9738 |
|
| 245 | 1 | 4 |
_aUna rosa en el quinto infierno / _cWilliam Mejía. |
| 250 | _a2a. ed. | ||
| 260 |
_aSanto Domingo : _bBúho, _c2007. |
||
| 300 |
_a186 p. ; _c23 cm. |
||
| 500 | _aIncluye referencias biográficas del autor | ||
| 586 | _aNovela base del Premio Nacional de Cine, 2006 | ||
| 590 | _aInventariado, 2019/BT | ||
| 650 | 0 |
_aNovela dominicana _9223 |
|
| 650 | 0 |
_aLiteratura dominicana. _967 |
|
| 910 | _aValidado. Control de calidad MMOLINA | ||
| 999 |
_c563 _d563 |
||